| 000 | 00420nam a22001457a 4500 | ||
|---|---|---|---|
| 005 | 20240315082622.0 | ||
| 008 | 240315b |||||||| |||| 00| 0 eng d | ||
| 082 |
_222 _a323.4. _bINT. |
||
| 245 |
_aInternational bill of Human Rights : _cAmnesty International Publications. |
||
| 260 |
_aColombo : _bAmnesty International Publications / _c1978 . |
||
| 300 | _a50 p., | ||
| 650 | _aHuman Rights. | ||
| 650 | _a Law | ||
| 942 | _cL | ||
| 999 |
_c577 _d577 |
||